Les décimales de π - Statistiques

Statistiques générales
  • Ce quiz a été pris 210 fois
  • Le résultat moyen est 98 sur 100
Statistiques - réponses
Réponse % Correct
1
99%
2
99%
3
99%
4
99%
5
99%
9
99%
6
98%
7
96%
8
96%
0
95%
Aucun quiz correspondant
Distribution des résultats
% des personnes avec chaque résultat
Percentile par nombre de réponses
Votre historique - résultats
Vous n’avez pas pris ce quiz